| 000 | 00475pab a2200181 454500 | ||
|---|---|---|---|
| 008 | 180718b2013 xxu||||| |||| 00| 0 eng d | ||
| 100 | _aHaldar, Tanushree | ||
| 245 | _aTribes of Jharkhand in labour market in the Colonial Period | ||
| 260 | _c2013 | ||
| 300 | _ap.326-347. | ||
| 362 | _aSept | ||
| 650 | _aLabour market - India - Jharkhand | ||
| 650 | _aTribes - India - Jharkhand | ||
| 650 | _aTribes | ||
| 773 | _aArtha Vijnana | ||
| 908 | _aN | ||
| 909 | _a104691 | ||
| 999 |
_c104686 _d104686 |
||